000 00430nam a2200133 4500
001 127781
003 ES-MaACL
007 t|
008 070214s1906 ag r ||||1| spa d
100 1 _aRivarola, Rodolfo.
_997546
245 1 3 _aLa Facultad de Ciencias Jurídicas y Sociales en el año 1906
_b: memoria /
_credactada por el decano, Rodolfo Rivarola.
260 _aBuenos Aires :
_b[s. n.],
_c1906.
852 _aES-MaACL
_jT-492-F-6
999 _c127781
_d127781